000 00764cam a22002413a 4500
001 13479
003 PGUSA
005 20140828083305.0
008 040916s2004||||xxu|||||s|||||000 | eng d
040 _aPGUSA
_beng
042 _adc
050 4 _aF3301
100 1 _aOrbigny, Alcide Dessalines d',
_d1802-1857
245 1 0 _aDescripción Geografica, Histórica y Estadística de Bolivia, Tomo 1.
_h[electronic resource] /
_cAlcide Dessalines d' Orbigny
260 _bProject Gutenberg,
_c2004
506 _aPublic domain in the USA.
516 _aElectronic text
653 _aBolivia -- Description and travel
653 _aBolivia -- History, Local
830 0 _aProject Gutenberg
_v13479
856 4 0 _uhttp://www.gutenberg.org/ebooks/13479
942 _cEB
999 _c242734
_d242734